|
|
|
|
| LEADER |
00930nam a2200217 i 4500 |
| 001 |
misc74388 |
| 005 |
20231214152551.0 |
| 008 |
231211s1905 hu o 000 hun d |
| 040 |
|
|
|a SZTE Miscellanea Repozitórium
|b hun
|
| 041 |
|
|
|a hun
|
| 100 |
1 |
|
|a Simonyi Jenő
|
| 245 |
1 |
0 |
|a Földrajz
|h [elektronikus dokumentum] :
|b kereskedelmi akadémiák és felső kereskedelmi iskolák számára - első rész: általános földrajz, Ázsia, Afrika, Amerika, Ausztrália /
|c Simonyi Jenő
|
| 260 |
|
|
|a Franklin
|b Budapest
|c 1905
|
| 250 |
|
|
|a 3. javított és teljesen átdolgozott kiadás
|
| 300 |
|
|
|a 248
|
| 561 |
|
|
|a Archív földrajztankönyvek
|
| 591 |
|
|
|a Dr. Szilassi Péter magángyűjteménye
|
| 650 |
|
4 |
|a Természettudományok
|
| 650 |
|
4 |
|a Föld- és kapcsolódó környezettudományok
|
| 695 |
|
|
|a Földrajz - középiskola - tankönyv
|
| 856 |
4 |
0 |
|u http://misc.bibl.u-szeged.hu/74388/1/foldrajz_tankonyv_049.pdf
|z Dokumentum-elérés
|